书目信息 |
| 题名: |
俄国十二月党人起义
|
|
| 作者: | 李淑壁 编 | |
| 分册: | ||
| 出版信息: | 北京 商务印书馆 1983 |
|
| 页数: | 45页 | |
| 开本: | 19cm | |
| 丛书名: | 外国历史小丛书 | |
| 单 册: | ||
| 中图分类: | K512.3 | |
| 科图分类: | ||
| 主题词: | 十二月党人起义(1825) | |
| 电子资源: | ||
| ISBN: | ||
| 000 | 00687nam2 2200253 45 | |
| 001 | 0183004170 | |
| 005 | 20060511091023.78 | |
| 010 | @dCNY0.16 | |
| 091 | @a11017.612 | |
| 100 | @a19950425d1983 em y0chiy0121 ea | |
| 101 | 0 | @achi |
| 102 | @aCN@b110000 | |
| 105 | @af z 000yy | |
| 200 | 10 | @a俄国十二月党人起义@Ae guo shi er yue dang ren qi yi@f李淑壁编@Fli shu bi bian |
| 210 | @a北京@c商务印书馆@d1983 | |
| 215 | @a45页@c插图@d19cm | |
| 225 | 2 | @a外国历史小丛书 |
| 410 | 0 | @120010@a外国历史小丛书 |
| 606 | @a十二月党人起义(1825) | |
| 690 | @aK512.3@v3 | |
| 701 | 0 | @a李淑壁@Ali shu bi@4编 |
| 801 | 2 | @aCN@bNLC@c20060511 |
| 801 | 0 | @aCN@bTSSF |
| 905 | @a10447@dK512.3@e8 | |
| 俄国十二月党人起义/李淑壁编.-北京:商务印书馆,1983 |
| 45页:插图;19cm.-(外国历史小丛书) |
| ISBN :CNY0.16 |
| ● |
| 相关链接 |
|
|
|
|
正题名:俄国十二月党人起义
索取号:K512.3/8
 
预约/预借
| 序号 | 登录号 | 条形码 | 馆藏地/架位号 | 状态 | 备注 |
| 1 | 0117004 | 202313077 | 密集书库/ [索取号:K512.3/8] | 在馆 |